Küresel iklim değişikliği (Record no. 9126)

MARC details
000 -BAŞLIK
Sabit Uzunlukta Kontrol Alanı 02183na a2200433 4500
999 ## - SİSTEM KONTROL NUMARALARI (KOHA)
Koha Biblionumber 9126
Koha Biblioitemnumber 9126
001 - KONTROL NUMARASI
Denetim Alanı 19687
003 - KONTROL NUMARASI IDENTIFIER
Denetim Alanı MIRAKIL
005 - SON İŞLEM TARİHİ VE ZAMANI
Denetim Alanı 20210322152854.0
008 - SABİT-BOY VERİ ELEMANLARI - GENEL BİLGİLER
Sabit Uzunlukta Kontrol Alanı 170126b tu 000 0
035 ## - SİSTEM KONTROL NUMARASI
Sistem Kontrol Numarası 19687
040 ## - KATALOGLAMA KAYNAK
Orijinal Kataloglama Ajansı TR-AnCHP
Kataloglama Dili tur
Metne Dönüştürmek Ajansı TR-AnCHP
041 ## - DİL KODU
Metin / Ses Parça Veya Ayrı Başlığın Dil Kodu tur
082 ## - DEWEY ONLU SINIFLANDIRMA NUMARASI
Sınıflandırma Numarası CHP 324.2372
Ürün Numarası C36ç 2011
090 ## - SINIFLAMA NUMARASI
Sınıflama Numarası BROŞÜR 103
110 ## - ANA GİRİŞ - KURUMSAL ADI
Giriş Elemanı Olarak Kurumsal Ad Veya Yargı Alanı Adı Cumhuriyet Halk Partisi (CHP)
Alt Birim Bilim, Yönetim ve Kültür Platformu
222 ## - ANAHTAR ADI
Anahtar Başlık Çevre programı
245 ## - BAŞLIK TABLOSU
Başlık Küresel iklim değişikliği
Başlığın Kalan Herkes için sürdürülebilir kalkınma
Sorumluluk Tablosu, Vb CHP Bilim, Yönetim ve Kültür Platformu
246 ## - UNVAN FORM VARYING
Başlık Doğru / Kısa Başlığı Herkes için sürdürülebilir kalkınma
260 ## - YAYIN, DAĞITIM, VB
Yayın, Dağıtım, Vb Yeri Ankara
Yayıncı, Dağıtıcı, Vs Adı CHP
Yayın, Dağıtım, Vb Tarihi 2011
300 ## - FİZİKSEL TANIM
Kapsam 51 s.
Diğer Fiziksel Ayrıntıları rnkl. tbl. ; grf. ; res.
Boyutlar 21 sm.
440 ## - SERİSİ TABLOSU / KATMA GİRİŞİ - BAŞLIK
Başlık Cumhuriyet Halk Partisi yayınları
Bir İşin Parçası / Bölümün İsmi Herkes için CHP dizisi
Hacim / Ardışık Tanımı Programlar
490 ## - SERİSİ TABLOSU
Seri Beyanı CHP Bilim, Yönetim ve Kültür Platformu çalışmaları
Hacim / Ardışık Tanımı 11
505 ## - BİÇİMLENDİRİLDİ İÇİNDEKİLER NOT
Biçimlendirilmiş İçeriği Dikkat Dünyada ve Türkiye'de gençlik ve gençlik politikaları - Cumhuriyet Halk Partisi'nin gençlik yaklaşımı -- Türkiye'de gençlerin temel sorunları ve çözüm önerileri - Görülmeyen gençleri görmek - Gençlik politikası için kurumsal yapı ve politika araçları
600 ## - KONU KATMA GİRİŞ - KURUMSAL ADI
Kişisel Ad Kılıçdaroğlu, Kemal
Başlıklar Ve Bir Adla İlişkili Diğer Kelimeler CHP Genel Başkanı
Genel Alt Bölümü Seçim kampanyaları, 2011
Kronolojik Alt Bölümü Çevre politikaları
600 ## - KONU KATMA GİRİŞ - KURUMSAL ADI
Kişisel Ad Kılıçdaroğlu, Kemal
Genel Alt Bölümü Propaganda ve ideolojiler
Kronolojik Alt Bölümü Çevre politikaları
610 ## - KONU KATMA GİRİŞ - TOPLANTI ADI
Giriş Elemanı Olarak Kurumsal Ad Veya Yargı Alanı Adı CHP
Genel Alt Bölüm Propaganda ve ideolojiler
Kronolojik Alt Bölüm Kılıçdaroğlu dönemi
-- Genel seçimler, 2011
610 ## - KONU KATMA GİRİŞ - TOPLANTI ADI
Giriş Elemanı Olarak Kurumsal Ad Veya Yargı Alanı Adı CHP
Genel Alt Bölüm Seçim kampanyaları, 2011
Kronolojik Alt Bölüm Çevre politikaları
610 ## - KONU KATMA GİRİŞ - TOPLANTI ADI
Giriş Elemanı Olarak Kurumsal Ad Veya Yargı Alanı Adı CHP
Genel Alt Bölüm Programlar, 2011
Kronolojik Alt Bölüm Çevre politikaları
-- Sürdürülebilir kalkınma
610 ## - KONU KATMA GİRİŞ - TOPLANTI ADI
Giriş Elemanı Olarak Kurumsal Ad Veya Yargı Alanı Adı CHP
Genel Alt Bölüm Çevre sorunları
Kronolojik Alt Bölüm Sürdürülebilir kalkınma
-- Çözüm önerileri
651 ## - KONU KATMA GİRİŞ - COĞRAFİ ADI
Coğrafi İsim Türkiye
Genel Alt Bölümü Siyaset ve yönetim
Kronolojik Alt Bölümü 2011-2015
710 ## - KATMA GİRİŞ - KURUMSAL ADI
Giriş Elemanı Olarak Kurumsal Ad Veya Yargı Alanı Adı Cumhuriyet Halk Partisi (CHP)
Alt Birim Bilim, Yönetim ve Kültür Platformu
740 ## - KATMA GİRİŞ - KONTROLSUZ İLGİLİ / ANALİTİK BAŞLIK
Kontrol Edilmeyen / İlgili Analitik Başlıktaki Herkes için sürdürülebilir kalkınma
830 ## - SERİSİ EKLENDİ GİRİŞ - ÜNİFORM ADI
Üniforma Başlık CHP programları
830 ## - SERİSİ EKLENDİ GİRİŞ - ÜNİFORM ADI
Üniforma Başlık Herkes için CHP dizisi
942 ## - EKLENDİ GİRİŞ ELEMANLARI (KOHA)
Koha Öğesi Türü Books
999 ## - SİSTEM KONTROL NUMARALARI (KOHA)
Koha Biblioitemnumber 9126
Holdings
Kalıcı Konum Mevcut Konum Edinme Tarihi Edinim Kaynak Toplam Check-Out'Lar Tam Çağrı Numarası Barkod Tarih Son Görülme İtibaren Geçerli Fiyatlar Koha Öğesi Türü
CHP Kütüphanesi CHP Kütüphanesi 12/25/2016 Bağış   BROŞÜR 103 011234 12/25/2016 12/25/2016 Visual Material